| 000 | 01236nam a22002657a 4500 | ||
|---|---|---|---|
| 005 | 20170124103041.0 | ||
| 010 | _aA-723663 | ||
| 020 |
_c135.00 _a817037123 |
||
| 035 | _aA-723663 | ||
| 037 | _bCen Lib/Ret | ||
| 040 |
_aDPL _bHN |
||
| 082 |
_aउ _bक्युप्रिन |
||
| 100 |
_aक्युप्रिन, अलेक्जेंडर _99493 |
||
| 245 |
_aरूसी वैश्यालय : _cअलेक्जेंडर क्युप्रिन ; अनुवादक जैनेन्द्र कुमार _bयामा / |
||
| 246 |
_aRoosi vaishalaya : Yama / _bby Alexander Kyuprin ; anuvadak Jainendra Kumar |
||
| 260 |
_aनई दिल्ली _bपूर्वोदय प्रकाशन _c1995 |
||
| 270 |
_a7/8, दरियागंज _bनई दिल्ली _e110002 |
||
| 300 |
_a467पृ. _c17सेमी(सजिल्द ) |
||
| 650 |
_aहिंदी साहित्य _x _z _967099 |
||
| 650 |
_aहिंदी उपन्यास _967100 |
||
| 650 |
_aHindi literature _v _967101 |
||
| 650 |
_aHindi fiction _927248 |
||
| 700 |
_aजैनेन्द्र कुमार _942803 |
||
| 942 |
_2ddc _cHN _hउ _mक्युप्रिन |
||
| 999 |
_c116548 _d116548 |
||